<?xml version="1.0" encoding="UTF-8"?><?xml-stylesheet type="text/xsl" href="static/style.xsl"?><OAI-PMH xmlns="http://www.openarchives.org/OAI/2.0/" xmlns:xsi="http://www.w3.org/2001/XMLSchema-instance" xsi:schemaLocation="http://www.openarchives.org/OAI/2.0/ http://www.openarchives.org/OAI/2.0/OAI-PMH.xsd"><responseDate>2026-06-06T06:57:41Z</responseDate><request verb="GetRecord" identifier="oai:riubu.ubu.es:10259/6519" metadataPrefix="marc">https://riubu.ubu.es/oai/request</request><GetRecord><record><header><identifier>oai:riubu.ubu.es:10259/6519</identifier><datestamp>2022-04-01T07:45:24Z</datestamp><setSpec>com_10259.4_103</setSpec><setSpec>com_10259.4_1</setSpec><setSpec>com_10259_2604</setSpec><setSpec>col_10259_6515</setSpec></header><metadata><record xmlns="http://www.loc.gov/MARC21/slim" xmlns:doc="http://www.lyncode.com/xoai" xmlns:xsi="http://www.w3.org/2001/XMLSchema-instance" xmlns:dcterms="http://purl.org/dc/terms/" xsi:schemaLocation="http://www.loc.gov/MARC21/slim http://www.loc.gov/standards/marcxml/schema/MARC21slim.xsd">
<leader>00925njm 22002777a 4500</leader>
<datafield tag="042" ind1=" " ind2=" ">
<subfield code="a">dc</subfield>
</datafield>
<datafield tag="720" ind1=" " ind2=" ">
<subfield code="a">Vara Thorbeck, Carlos</subfield>
<subfield code="e">author</subfield>
</datafield>
<datafield tag="260" ind1=" " ind2=" ">
<subfield code="c">2018</subfield>
</datafield>
<datafield tag="520" ind1=" " ind2=" ">
<subfield code="a">El motivo de este trabajo es la identificación geográfica&#xd;
del lugar en donde tuvo lugar la denominada batalla del Foso o&#xd;
del Al jandaq. Esta batalla aconteció en el año 939. En ella la retaguardia&#xd;
del gran ejercito de Abderramán III fue puesta en fuga por&#xd;
tropas castellanas, perdiendo los musulmanes toda la impedimenta.</subfield>
</datafield>
<datafield tag="520" ind1=" " ind2=" ">
<subfield code="a">The reason for this work is the geographical identification&#xd;
of the place where the so-called Battle of Al Jandaq took&#xd;
place. This battle took place in the year 939. In her the rear guard&#xd;
of the great army of Abderramán III was put in flight by Castilian&#xd;
troops.</subfield>
</datafield>
<datafield tag="024" ind2=" " ind1="8">
<subfield code="a">0211-8998</subfield>
</datafield>
<datafield tag="024" ind2=" " ind1="8">
<subfield code="a">http://hdl.handle.net/10259/6519</subfield>
</datafield>
<datafield ind1=" " ind2=" " tag="653">
<subfield code="a">Localización</subfield>
</datafield>
<datafield ind1=" " ind2=" " tag="653">
<subfield code="a">Batalla del Al jandaq</subfield>
</datafield>
<datafield ind1=" " ind2=" " tag="653">
<subfield code="a">Location</subfield>
</datafield>
<datafield ind1=" " ind2=" " tag="653">
<subfield code="a">Al jandaq, battle</subfield>
</datafield>
<datafield tag="245" ind1="0" ind2="0">
<subfield code="a">La batalla de Simancas, del Al jandaq, o batalla del Foso</subfield>
</datafield>
</record></metadata></record></GetRecord></OAI-PMH>